000
00267nam a22000977a 4500
999
_c
511608
_d
511608
082
_a
B2x54 G151
245
_a
Quest for peace and nonvoilence
_b
A Journey of 50 years
260
_a
New Delhi
_b
Gandhi Peace Foundation
300
_a
103p.
650
_a
Nonviolence
_9
11658